000 00559nam a2200217Ia 4500
003 OSt
005 20230331152854.0
008 210423s2009 xx 000 0 und d
020 _a813091123X
040 _cAL
041 _aeng
082 _a658.152 BLOR
100 _aBLOCK (Ralph L).
_981113
245 _aInvesting in real estate investment trust.
250 _a3
260 _aNew Delhi
_bViva Books Pvt Ltd
_c2009
300 _axi,367
_bPB
365 _b495
_cINR
906 _aestate ; Investing ; investment ; real ; trust.
942 _2ddc
_cBK
999 _c157742
_d157742